000
00280nam a2200109Ia 4500
005
20251222153639.0
008
251222s9999||||xx |||||||||||||| ||spa||
082
_a
658.403/M85
100
_a
"Moore, P. G.Hodges, S. D. "
245
0
_a
Programming for optimal decisions
942
_c
LIB
999
_c
32659
_d
32659